Регионална библиотека "Любен Каравелов" - Русе

Лъвът, Вещицата и дрешникът (Запис номер 17694)

MARC детайли
000 -Лидер
Контролно поле с фиксирана дължина 01219nam a2200313 c 4500
003 - Код на организацията, давaща контролен номер
Контролно поле BLK
005 - Дата и час на последна редакция
Контролно поле 20180422094903.0
008 - Елементи от данни с фиксирана дължина
fixed length control field 180413b bul|||||r ||||||| ||bul||
010 ## - Наследен системен номер
LC control number KNG00019672000
020 ## - Международен стандартен номер на книга ISBN
Международен стандартен номер на книга ISBN 954-8251-35-3
-- издат.: Аполо прес
040 ## - Източник на каталожния запис
Идентификатор на билиотеката - собственик на записа BLK
041 ## - Код за език
Код за езика на текст/звукозапис или на отделно заглавие Български
Код за езика КДБФ Български
080 ## - УДК
Текстов определител УДК Английска литература
УДК код - определител по УДК 821.111
УДК определител -93-322.9
УДК - код + определител 821.111-93-322.9
100 1# - Редна дума - Автор
Автор Луис, Клайв Стейпълс
Авторска отговорност първи автор
R(LIN) 364978
139 ## - Редно поле
Редна дума Луис, Клайв Стейпълс
Авторски знак Лу - Л 85
245 10 - Сведения за заглавието
Заглавие Лъвът, Вещицата и дрешникът
Подзаглавни данни [Приказна повест за деца]
Редно поле (дума) Клайв Стейпълс Луис.
250 ## - Област на изданието
Сведения за изданието [Ново изд.]
257 ## - Страна на издаване
Страна на създаване/издаване Великобритания
260 ## - Област на издателските данни
-- София
Име на издателя, разпространителя и проч. Аполо прес
Година на издаване 1997
Печатница Ямбол : Светлина
300 ## - Физическа характеристика
Страници 173 с.
Илюстрации и др. с ил.
Размери/Мащаб 20 см
380 ## - Жанр
Жанр Детска худож. лит.
490 1# - СЕРИИ (Колекции)
Име на серия Хрониките на Нарния
№: серия 2
500 ## - Общи забележки
Забележка Ориг. загл. Thе Lion, the Witch and the Wardrobe / C. S. Lewis. - 3 000 тир.
852 ## - Местоположение
Форматна сигнатура Цб 195114
856 4# - Електронен адрес и достъп
Електронен формат pdf - файл
Път до файла /url/
856 4# - Електронен адрес и достъп
Електронен формат pdf - файл
Път до файла /url/
942 ## - АРТИКУЛИ
Вид на библиотечния материал Книги
Скрит в OPAC Не
944 ## - СЪЗДАВАНЕ И РЕДАКЦИЯ на ЗАПИСА
Създаване/Редакция Създаване
Дата на регистрацията/редакция 15.01.2003
Служител, извършил регистрацията/редакцията AB_DOS
944 ## - СЪЗДАВАНЕ И РЕДАКЦИЯ на ЗАПИСА
Създаване/Редакция Редакция
Дата на регистрацията/редакция 23.12.2016
Служител, извършил регистрацията/редакцията Даниел_Димитров
999 ## - СИСТЕМНИ КОНТРОЛНИ НОМЕРА
Koha biblionumber 17694
Koha biblioitemnumber 17694
Наличности
Код за отписване Код за изгубен артикул Източник на класификационната схема Код за повреда Коз за рестрикции Код за отдаване Артикулен № Име на библиотеката - собственик Име на библиотеката, в която се намира в момента Статус (Текущо местоположение) Дата на вписване в системата Местоположение - отдел Цена в лева Инвентарен номер Систематично азбучна сигнатура Баркод Номер на екземпляра Цена в евро Служебен тип на артикула
  Не е изгубен Universal Decimal Classification Не е повреден без рестрикции ползва се в читалня 29812 Регионална библиотека "Любен Каравелов" Русе Регионална библиотека "Любен Каравелов" Русе Хранилище 2001-01-01 Хранилище 2.50 637430 Цб 195114 120000637430 1 1.28 Книги
Изтеглен Не е изгубен Universal Decimal Classification Не е повреден без рестрикции заемане за дома 29813 Регионална библиотека "Любен Каравелов" Русе Регионална библиотека "Любен Каравелов" Русе Детски отдел 2001-01-01 Детски отдел 3.00 652922 ДХ 820/899/Л 85 652922 2 1.53 Книги
Vip Innovations Ltd, Rousse, Bulgaria 2025